000
00247nam a2200109 a 4500
005
20140414093830.0
008
970110s19uu xx 00 eng d
050
_a
VHS SD
_b
R 04
245
_a
Empowered Trainors.
942
_c
AVM
999
_c
108649
_d
108649